Journal de marche du sergent Fricasse de la 127e demi-brigade : (Record no. 261243)
[ view plain ]
| 000 -LEADER | |
|---|---|
| fixed length control field | 00900cam a22002413a 4500 |
| 001 - CONTROL NUMBER | |
| control field | 31988 |
| 003 - CONTROL NUMBER IDENTIFIER | |
| control field | PGUSA |
| 005 - DATE AND TIME OF LATEST TRANSACTION | |
| control field | 20140828083707.0 |
| 008 - FIXED-LENGTH DATA ELEMENTS--GENERAL INFORMATION | |
| fixed length control field | 100414s2010||||xxu|||||s|||||000 | eng d |
| 040 ## - CATALOGING SOURCE | |
| Original cataloging agency | PGUSA |
| Language of cataloging | eng |
| 042 ## - AUTHENTICATION CODE | |
| Authentication code | dc |
| 050 #4 - LIBRARY OF CONGRESS CALL NUMBER | |
| Classification number | DC |
| 100 1# - MAIN ENTRY--PERSONAL NAME | |
| Personal name | Fricasse, Jacques, |
| Dates associated with a name | 1773- |
| 245 10 - TITLE STATEMENT | |
| Title | Journal de marche du sergent Fricasse de la 127e demi-brigade : |
| Remainder of title | 1792-1802 : avec les uniformes des armées de Sambre-et-Meuse et Rhin-et-Moselle. Fac-similés dessinés par P. Sellier d'après les gravures allemandes du temps |
| Medium | [electronic resource] / |
| Statement of responsibility, etc | Jacques Fricasse |
| 260 ## - PUBLICATION, DISTRIBUTION, ETC. (IMPRINT) | |
| Name of publisher, distributor, etc | Project Gutenberg, |
| Date of publication, distribution, etc | 2010 |
| 506 ## - RESTRICTIONS ON ACCESS NOTE | |
| Terms governing access | Public domain in the USA. |
| 516 ## - TYPE OF COMPUTER FILE OR DATA NOTE | |
| Type of computer file or data note | Electronic text |
| 653 ## - INDEX TERM--UNCONTROLLED | |
| Uncontrolled term | France -- History, Military -- 1789-1815 |
| 700 1# - ADDED ENTRY--PERSONAL NAME | |
| Personal name | Larchey, Lorédan, |
| Dates associated with a name | 1831-1902 |
| 830 #0 - SERIES ADDED ENTRY--UNIFORM TITLE | |
| Uniform title | Project Gutenberg |
| Volume number/sequential designation | 31988 |
| 856 40 - ELECTRONIC LOCATION AND ACCESS | |
| Uniform Resource Identifier | <a href="http://www.gutenberg.org/ebooks/31988">http://www.gutenberg.org/ebooks/31988</a> |
| 942 ## - ADDED ENTRY ELEMENTS (KOHA) | |
| Koha item type | eBooks |
| Withdrawn status | Lost status | Damaged status | Home library | Current library | Date acquired | Total Checkouts | Date last seen | Price effective from | Koha item type |
|---|---|---|---|---|---|---|---|---|---|
| Project Gutenberg | Project Gutenberg | 08/28/2014 | 08/28/2014 | 08/28/2014 | eBooks |